| 000 | 01156nam0a22003011 4500 | ||
|---|---|---|---|
| 001 | RU\INFOCOMM_327\NLR\5000040684 | ||
| 005 | 20260405101640.0 | ||
| 035 | _a(NLR Aleph) 009582831 | ||
| 090 |
_a9201567 _c9201567 |
||
| 100 | _a20130226d1973 |||y0rusy50 ca | ||
| 101 | 0 | _aeng | |
| 102 | _aRU | ||
| 105 | _ay z ||||| | ||
| 200 | 1 |
_aAutomodel behaviour of the virtual compton scattering amplitude in the framework of the Dyson-Jost-Lehmann representation _fV. A. Matveev, D. Robaschik, E. Wieczorek |
|
| 210 |
_aДубна _d1973 |
||
| 215 |
_a26 с. _d21 см |
||
| 225 | 1 |
_a[Издания] _fОбъедин. ин-т ядерных исследований _iЛаборатория теоретической физики _vE2-7051 |
|
| 320 | _aБиблиогр.: с. 26 | ||
| 606 | 0 |
_aЭффект Комптона _2nlr_sh1 |
|
| 686 |
_aВ382.35 _2rubbk |
||
| 700 | 1 |
_8rus _7ba _aMatveev _bV. A. _cфизик _f1941- _gViktor Anatol'evič _3RU\NLR\AUTH\7737555 _920543 |
|
| 701 | 1 |
_aRobaschik _bD. |
|
| 701 | 1 |
_aWieczorek _bE. |
|
| 801 | 1 |
_aRU _bInfocomm _c20130226 |
|
| 801 | 0 |
_aRU _bINFOCOMM _gPSBO |
|
| 852 |
_aNLR _jP11/3130 |
||
| 942 | _cBOOK | ||
| 980 | _aNB | ||